| 000 | 01354nam a2200349 i 4500 | ||
|---|---|---|---|
| 001 | 193774 | ||
| 003 | ES-MaACL | ||
| 005 | 20250827062645.0 | ||
| 007 | ta | ||
| 008 | 240220s1961 sp 000 0 spa d | ||
| 035 | _aRebiun04661427 | ||
| 040 |
_aBUPV. _bspa _cES-MaACL |
||
| 080 | _a343(460)(094.5) | ||
| 110 | 1 |
_aEspaña _93622 |
|
| 240 | 1 | 0 | _a[Leyes, etc., penales] |
| 245 | 1 | 0 |
_aApéndice a la décima edición de las Leyes penales de España... / _cpor León Medina y Manuel Marañón ; revisado, corregido y puesto al día por Federico Castejón y Manuel Marañón y colaboradores de la "Revista General de Legislación y Jurisprudencia" |
| 260 |
_bInstituto Editorial Reus, ; _aMadrid :, _c1961 |
||
| 300 |
_a873, 7 p. ; _c18 cm |
||
| 336 |
_2rdacontent _atexto |
||
| 337 |
_2rdamedia _asin mediación |
||
| 338 |
_2rdacarrier _avolumen |
||
| 490 | 1 | _aBiblioteca Medina y Marañón | |
| 650 | 4 |
_aDerecho penal- _zEspaña _911752 |
|
| 655 | 0 |
_aLegislación _9226283 |
|
| 700 | 1 |
_aMarañón, Manuel _976316 |
|
| 700 | 1 |
_aMedina, León _979703 |
|
| 830 |
_9184645 _aBiblioteca Medina y Marañón |
||
| 852 |
_aES-MaACL _bR.79205 _cDEPO2 _dOlim: A-5482 _dOlim: L 343(460)ESP _jG-16135 _9201333 |
||
| 942 |
_n0 _cMONOGRAFIA |
||
| 999 |
_c193774 _d193774 |
||